000 01864cam a2200553 i 4500
001 42071
003 KOSZ 005
005 20240904062938.0
008 240902s2002 pl a f 000 0 pol
015 _aUWD 2003/13760
020 _a8388007971
035 _a991021273149705066
035 _a(PL-WaBN)b15756178-48omnis_nlop
035 _ab15756178
035 _a(OCoLC)749510867
035 _azz2002971958
035 _a(PL)b0000001575617
035 _a(EXLNZ-48OMNIS_NETWORK)9910438421305606
040 _aWA N
_cWA N
_dKOSZ 005/RW
046 _k2002
080 _a620.17:]
080 _a539.4
080 _a(075.8)
080 _a(076)
245 0 0 _aWytrzymałość materiałów :
_bzadania /
_cCzesław Szymczak [et al.].
250 _aWydanie I.
260 _aGdańsk :
_bWydawnictwo Politechniki Gdańskiej,
_ccopyright 2002.
300 _a208 stron :
_bilustracje ;
_c24 cm.
336 _aTekst
_btxt
_2rdacontent
337 _aBez urządzenia pośredniczącego
_bn
_2rdamedia
338 _aWolumin
_bnc
_2rdacarrier
380 _aKsiążki
380 _aPublikacje dydaktyczne
385 _mPoziom nauczania
_aSzkoły wyższe
388 1 _a2001-
504 _aBibliografia na stronie 208.
650 7 _aWytrzymałość materiałów
_2DBN
655 7 _aĆwiczenia i zadania dla szkół wyższych
_2DBN
658 _aFizyka i astronomia
658 _aInżynieria i technika
700 1 _aKujawa, Marcin
_eAutor
700 1 _aSkowronek, Marek
_eAutor
700 1 _aSzymczak, Czesław
_d(1939- )
_eAutor
700 1 _aWitkowski, Wojciech
_d(1975- )
_eAutor
710 2 _aWydawnictwo Politechniki Gdańskiej
_4pbl
856 _uhttps://koha.tu.koszalin.pl/cgi-bin/koha/opac-detail.pl?biblionumber=42071
_yKatalog online BPK
942 _2UKD
_cKS
999 _c42071
_d42071